00000000nam 2200000zi 4500
0019.931643
003CaOODSP
00520241230110912
006m     o  d f      
007cr bn|||||||||
008230123e198211##oncd    ob   f000 0 eng d
040 |aCaOODSP|beng|erda|cCaOODSP
0861 |aEn36-539/99-1982E-PDF
1001 |aEngel, Peter, |d1938- |eauthor.
24510|aEquivalent roughness of alluvial bed / |cdiscussion by Peter Engel.
264 1|aBurlington, Ontario : |bCanada Centre for Inland Waters : |bNational Water Research Institute, Hydraulics Division, Environmental Hydraulics Section, |cNovember 1982.
300 |a1 online resource (4 pages, 4 unnumbered pages) : |bgraphs.
336 |atext|btxt|2rdacontent
337 |acomputer|bc|2rdamedia
338 |aonline resource|bcr|2rdacarrier
4901 |a[Unpublished manuscript]
500 |aDigitized edition from print [produced by Environment and Climate Change Canada].
500 |a"This discussion has been submitted to ASCE for publication and the contents are subject to change. This copy is to provide information prior to publication."
504 |aIncludes bibliographical references (page 4).
520 |a"The author has analyzed a large set of flume and field data for flows with plane bed conditions"--Page 1.
650 0|aBed load|xMeasurement.
650 0|aBed load|xMathematical models.
650 0|aAlluvial streams.
650 6|aCharge de fond|xMesure.
650 6|aCharge de fond|xModèles mathématiques.
650 6|aCours d'eau alluvionnaires.
7102 |aCanada Centre for Inland Waters, |eissuing body.
7102 |aNational Water Research Institute (Canada). |bHydraulics Division, |eissuing body.
830#0|aUnpublished manuscript (National Water Research Institute (Canada))|w(CaOODSP)9.901451
85640|qPDF|s567 KB|uhttps://publications.gc.ca/collections/collection_2024/eccc/en36/En36-539-99-1982-eng.pdf
986 |aStudy No. H82 327